Economía del sector público (Registro nro. 933)

Detalles MARC
000 -LEADER
fixed length control field 01030 a2200217 4500
001 - CONTROL NUMBER
control field 22213
005 - DATE AND TIME OF LATEST TRANSACTION
control field 20260407155511.0
008 - FIXED-LENGTH DATA ELEMENTS--GENERAL INFORMATION
fixed length control field 260407a2002 arg spa d
003 - CONTROL NUMBER IDENTIFIER
control field AR-UNSa-BCEJYS
040 ## - CATALOGING SOURCE
Original cataloging agency AR-UNSa-BCEJYS
Language of cataloging spa
Transcribing agency AR-UNSa-BCEJYS
080 ## - UNIVERSAL DECIMAL CLASSIFICATION NUMBER
Universal Decimal Classification number 336.13
Common auxiliary subdivision Finanzas del sector público
020 ## - INTERNATIONAL STANDARD BOOK NUMBER
International Standard Book Number 958-41-0295-8
100 1# - MAIN ENTRY--PERSONAL NAME
Personal name Macon, Jorge
245 10 - TITLE STATEMENT
Title Economía del sector público
264 #1 - PRODUCTION, PUBLICATION, DISTRIBUTION, MANUFACTURE, AND COPYRIGHT NOTICE
Place of production, publication, distribution, manufacture Bogotá :
Name of producer, publisher, distributor, manufacturer McGraw-Hill Interamericana
Date of production, publication, distribution, manufacture, or copyright notice 2002
300 ## - PHYSICAL DESCRIPTION
Extent viii, 201 p.
Dimensions 23 cm.
505 ## - FORMATTED CONTENTS NOTE
Formatted contents note 1. La superioridad del sistema de economía mixto - 2. La lógica del sistema de competencia - 3. El rol del sector público - 4. Las reglas de financiación compulsivo - 5. Imposición a la renta - 6. Imposición a la ventas - 7. Imposición patrimonial y tasas - 8. Federalismo Fiscal - 9. La financiación compulsiva en un contexto internacional.
590 ## - LOCAL NOTE (RLIN)
Local note niveau_biblio:m niveau_hierar:0
856 41 - ELECTRONIC LOCATION AND ACCESS
Uniform Resource Identifier <a href="https://www.biblioeco.unsa.edu.ar/pmb/images/libros/L127478.jpg">https://www.biblioeco.unsa.edu.ar/pmb/images/libros/L127478.jpg</a>
Link text Imagen de portada
Electronic format type image/jpeg
942 ## - ADDED ENTRY ELEMENTS (KOHA)
Koha item type
Existencias
Withdrawn status Lost status Damaged status Not for loan Home library Current library Shelving location Date acquired Total checkouts Full call number Barcode Date last seen Price effective from Koha item type
        Biblioteca Prof. Eusebio Cleto del Rey Biblioteca Prof. Eusebio Cleto del Rey   07/04/2026   336.13 M171 L86678 07/04/2026 07/04/2026 Libro
        Biblioteca Prof. Eusebio Cleto del Rey Biblioteca Prof. Eusebio Cleto del Rey   07/04/2026   336.13 M171 L86679 07/04/2026 07/04/2026 Libro
        Biblioteca Prof. Eusebio Cleto del Rey Biblioteca Prof. Eusebio Cleto del Rey   07/04/2026   336.13 M171 L127478 07/04/2026 07/04/2026 Libro
        Biblioteca Prof. Eusebio Cleto del Rey Biblioteca Prof. Eusebio Cleto del Rey   07/04/2026   336.13 M171 L128611 07/04/2026 07/04/2026 Libro